[Event "AUTO-MASTER-172"]
[Site "http://www.queenalice.com/game.php?id=80678"]
[Date "2006.6.27"]
[Round "1"]
[White "Jsouza"]
[Black "lovipetol"]
[Result "0-1"]
[WhiteElo "1383"]
[BlackElo "1429"]

1. e4 e5 2. Nf3 Nc6 3. Bb5 Nf6 4. O-O a6 5. Ba4 Nxe4 6. d4 exd4 7. Nxd4 Bc5 8.
Be3 O-O 9. Nxc6 bxc6 10. Nd2 Bxe3 11. Nxe4 Qh4 12. fxe3 Qxe4 13. c3 Qxe3+ 0-1

[Event "AUTO-MASTER-172"]
[Site "http://www.queenalice.com/game.php?id=80679"]
[Date "2006.6.27"]
[Round "1"]
[White "lovipetol"]
[Black "Jsouza"]
[Result "1-0"]
[WhiteElo "1414"]
[BlackElo "1383"]

1. e4 e6 2. d4 d5 3. e5 c5 4. Nf3 Nc6 5. c3 Nge7 6. Bb5 Bd7 7. O-O Nf5 8. Re1
Be7 9. Bxc6 Bxc6 10. Bf4 O-O 11. Qd2 a5 12. a4 Rc8 13. g4 1-0

[Event "AUTO-ELITE-68"]
[Site "http://www.queenalice.com/game.php?id=81452"]
[Date "2006.6.30"]
[Round "1"]
[White "Jsouza"]
[Black "Santista35"]
[Result "0-1"]
[WhiteElo "1416"]
[BlackElo "1815"]

1. e4 e5 2. Nf3 d6 3. d4 exd4 4. Nxd4 Bd7 5. Bc4 Nc6 6. Nc3 Qf6 7. Be3 Nxd4 8.
Bxd4 Qg6 9. O-O Bh3 10. Qf3 Nh6 11. Qxh3 Qg4 12. Qe3 Qh4 13. h3 c5 14. Bb5+ Kd8
15. Bxc5 dxc5 0-1

[Event "AUTO-MASTER-177"]
[Site "http://www.queenalice.com/game.php?id=82317"]
[Date "2006.7.4"]
[Round "1"]
[White "Jsouza"]
[Black "dmdagnone"]
[Result "0-1"]
[WhiteElo "1355"]
[BlackElo "1644"]

1. e4 e5 2. Nf3 Nc6 3. Bb5 d6 4. c3 Nf6 5. d3 a6 6. Ba4 Be7 7. h3 Be6 8. O-O O-O
9. Re1 d5 10. Bg5 dxe4 11. Bxf6 exf3 12. Bxe7 Qxe7 13. Qxf3 Qd6 0-1

[Event "AUTO-MASTER-177"]
[Site "http://www.queenalice.com/game.php?id=82318"]
[Date "2006.7.4"]
[Round "1"]
[White "dmdagnone"]
[Black "Jsouza"]
[Result "1-0"]
[WhiteElo "1648"]
[BlackElo "1351"]

1. e4 e6 2. d4 d5 3. e5 c5 4. Nf3 Nc6 5. c4 Nge7 6. Nc3 a6 7. Bd3 Nf5 8. Bxf5
exf5 9. cxd5 cxd4 10. Nxd4 Nxd4 11. Qxd4 Be7 12. e6 O-O 13. exf7+ 1-0

[Event "AUTO-MASTER-177"]
[Site "http://www.queenalice.com/game.php?id=82319"]
[Date "2006.7.4"]
[Round "1"]
[White "Jsouza"]
[Black "ichtus"]
[Result "0-1"]
[WhiteElo "1437"]
[BlackElo "1797"]

1. e4 c5 2. Nf3 d6 3. Bb5+ Bd7 4. Bxd7+ Qxd7 5. d4 cxd4 6. Nxd4 Nf6 7. Nc3 a6 8.
O-O g6 9. h3 Bg7 10. Be3 Nc6 11. Qf3 Ne5 12. Qg3 Nc4 13. Bc1 Nh5 14. Qd3 Ne5 15.
Qe2 Nc6 16. Nxc6 Qxc6 17. Nd5 Nf6 18. c4 Nxd5 19. exd5 Qc7 20. Re1 Bf6 21. Bh6
O-O-O 22. Rac1 Rhe8 23. Be3 Kb8 24. Red1 h5 0-1

[Event "AUTO-MASTER-177"]
[Site "http://www.queenalice.com/game.php?id=82320"]
[Date "2006.7.4"]
[Round "1"]
[White "ichtus"]
[Black "Jsouza"]
[Result "1-0"]
[WhiteElo "1795"]
[BlackElo "1439"]

1. d4 d5 2. Nf3 e6 3. Bg5 Nf6 4. Nbd2 Nbd7 5. e3 Be7 6. Bd3 O-O 7. c3 h6 8. Bxf6
Nxf6 9. Ne5 Nd7 10. f4 Nxe5 11. fxe5 f6 12. Qh5 fxe5 13. Qg6 e4 14. Be2 Bg5 15.
Nf1 Rf6 16. Qh5 Bd7 17. h4 Be8 18. Qg4 h5 19. Qh3 Bh6 20. g4 hxg4 21. Bxg4 Qe7
22. O-O-O Bg6 23. h5 Bf5 24. Rg1 Raf8 25. Kb1 b6 26. Nh2 1-0

[Event "AUTO-MASTER-177"]
[Site "http://www.queenalice.com/game.php?id=82321"]
[Date "2006.7.4"]
[Round "1"]
[White "Jsouza"]
[Black "csadler"]
[Result "0-1"]
[WhiteElo "1399"]
[BlackElo "1693"]

1. e4 c6 2. d4 d5 3. e5 Bf5 4. Bd3 Bxd3 5. Qxd3 e6 6. Nf3 Ne7 7. O-O Nd7 8. Nc3
c5 9. Be3 cxd4 10. Bxd4 Nc6 11. a3 Nxd4 12. Qxd4 Bc5 13. Qg4 O-O 14. Ne2 h6 15.
b4 Bb6 16. Ned4 Rc8 17. Nb5 Rxc2 18. Nd6 Nxe5 19. Nxe5 Qxd6 0-1

[Event "AUTO-MASTER-177"]
[Site "http://www.queenalice.com/game.php?id=82322"]
[Date "2006.7.4"]
[Round "1"]
[White "csadler"]
[Black "Jsouza"]
[Result "1-0"]
[WhiteElo "1688"]
[BlackElo "1404"]

1. d4 d5 2. c4 e6 3. Nc3 Nf6 4. Nf3 Nbd7 5. Bg5 c6 6. e3 dxc4 7. Bxc4 Bb4 8. Qc2
Qa5 9. Bh4 Nb6 10. Be2 Nbd5 11. O-O Nxc3 12. bxc3 Bxc3 13. Rac1 Nd5 14. e4 Nf4
15. Bg3 Nxe2+ 16. Qxe2 b6 17. Qd3 Bb4 18. Rxc6 Ba6 19. Qc2 Bxf1 20. Rc8+ 1-0

[Event "AUTO-ELITE-70"]
[Site "http://www.queenalice.com/game.php?id=82357"]
[Date "2006.7.4"]
[Round "1"]
[White "Raiman"]
[Black "Jsouza"]
[Result "1-0"]
[WhiteElo "2018"]
[BlackElo "1506"]

1. b3 Nf6 2. Bb2 g6 3. e3 Bg7 4. f4 O-O 5. Nf3 d6 6. Be2 Bf5 7. O-O Nc6 8. a3 e5
9. fxe5 dxe5 10. Nxe5 Qe7 11. Nxc6 bxc6 12. Nc3 Rad8 13. Na4 Ne4 14. Bxg7 Kxg7
15. Bd3 Nc5 16. Bxf5 Nxa4 17. bxa4 1-0

[Event "AUTO-ELITE-70"]
[Site "http://www.queenalice.com/game.php?id=82358"]
[Date "2006.7.4"]
[Round "1"]
[White "Jsouza"]
[Black "Raiman"]
[Result "0-1"]
[WhiteElo "1504"]
[BlackElo "2020"]

1. e4 e5 2. Nf3 Qe7 3. Bc4 Nc6 4. O-O Nf6 5. Nc3 d6 6. h3 h6 7. Bb5 a6 8. Ba4 b5
9. Bb3 g5 10. Nd5 Nxd5 11. Bxd5 Bb7 12. d4 Bg7 13. Re1 O-O 14. dxe5 dxe5 15. Be3
Rad8 16. Qe2 Na5 0-1

[Event "AUTO-ELITE-70"]
[Site "http://www.queenalice.com/game.php?id=82375"]
[Date "2006.7.4"]
[Round "1"]
[White "Jsouza"]
[Black "mds"]
[Result "0-1"]
[WhiteElo "1554"]
[BlackElo "2051"]

1. e4 e5 2. Nf3 Nc6 3. Bb5 a6 4. Ba4 b5 5. Bb3 Bc5 6. Nxe5 Qg5 7. Bxf7+ Kf8 8.
d4 Qxg2 9. Rf1 Nxd4 10. Be3 Qxe4 11. Bb3 Qxe5 12. Nd2 Bb7 13. Qg4 Nf6 14. Qg1
Nf3+ 15. Nxf3 Bxf3 16. Qg3 Qxb2 17. Qxf3 Qc3+ 18. Ke2 Re8 19. Rad1 d6 0-1

[Event "AUTO-ELITE-70"]
[Site "http://www.queenalice.com/game.php?id=82376"]
[Date "2006.7.4"]
[Round "1"]
[White "mds"]
[Black "Jsouza"]
[Result "1-0"]
[WhiteElo "2053"]
[BlackElo "1552"]

1. d4 d5 2. Nf3 e6 3. Bf4 Nf6 4. e3 Nbd7 5. Bd3 Be7 6. Nbd2 O-O 7. Qe2 Re8 8.
Bg3 h6 9. O-O c5 10. c3 Nh5 11. Ne5 Ndf6 12. f4 Nxg3 13. hxg3 cxd4 14. exd4 Qb6
15. Rab1 Nd7 16. Ndf3 Qd6 17. Rbe1 Nf8 18. Bb1 b6 19. Qd3 a5 20. g4 1-0

[Event "AUTO-ELITE-70"]
[Site "http://www.queenalice.com/game.php?id=82377"]
[Date "2006.7.4"]
[Round "1"]
[White "Jsouza"]
[Black "Penn"]
[Result "0-1"]
[WhiteElo "1502"]
[BlackElo "1904"]

1. e4 Nf6 2. e5 Nd5 3. c4 Nb6 4. d4 d6 5. f4 e6 6. Nf3 Be7 7. Bd3 O-O 8. O-O f5
9. exf6 Bxf6 10. Bd2 Nc6 11. Bc3 Ne7 0-1

[Event "AUTO-ELITE-70"]
[Site "http://www.queenalice.com/game.php?id=82378"]
[Date "2006.7.4"]
[Round "1"]
[White "Penn"]
[Black "Jsouza"]
[Result "1-0"]
[WhiteElo "1906"]
[BlackElo "1500"]

1. Nf3 Nf6 2. g3 g6 3. Bg2 Bg7 4. O-O O-O 5. c4 d6 6. Nc3 Nc6 7. e3 e5 8. d3 Bg4
9. Qb3 a6 10. Qxb7 Na5 11. Qb4 1-0

[Event "Challenge"]
[Site "http://www.queenalice.com/game.php?id=83236"]
[Date "2006.7.6"]
[Round "-"]
[White "adrianabarros123"]
[Black "Jsouza"]
[Result "1-0"]
[WhiteElo "1804"]
[BlackElo "1369"]

1. e4 e6 2. d4 d5 3. Nd2 c5 4. c3 Ne7 5. dxc5 dxe4 6. Nxe4 Qxd1+ 7. Kxd1 Ng6 8.
Be3 Be7 9. Nd6+ Kd7 10. Kc2 a6 11. Nxf7 1-0

[Event "Challenge"]
[Site "http://www.queenalice.com/game.php?id=86032"]
[Date "2006.7.15"]
[Round "-"]
[White "Capivarao"]
[Black "Jsouza"]
[Result "1-0"]
[WhiteElo "1850"]
[BlackElo "1550"]

1. e4 e6 2. Nf3 d5 3. e5 d4 4. Bc4 c5 5. O-O Nc6 6. d3 Nge7 7. Nbd2 Ng6 8. Bb5
Be7 9. Bxc6+ bxc6 10. Ne4 h6 11. Ned2 O-O 12. Nc4 Ba6 13. b3 1-0